| 000 | 00538nam a2200169 a 4500 | ||
|---|---|---|---|
| 005 | 20231026063630.0 | ||
| 008 | 991125s1976 mx 000 0 spa u | ||
| 035 | _aUPN01000002762 | ||
| 049 | _aCG | ||
| 050 | 4 |
_aHA29 _bM3.28 |
|
| 100 | 1 | _aMcCollough, Celeste | |
| 245 | 1 | 0 |
_aAnálisis estadístico : _ben las ciencias sociales y educación / _cCeleste McCollough ; tr. Jesús María Castaño. |
| 260 |
_aMéxico : _bMcGraw-Hill, _c1976. |
||
| 300 | _a376 p. | ||
| 650 | 4 |
_aEstadística _vProblemas, ejercicios, etc. _99979 |
|
| 905 | _aLibro | ||
| 999 |
_c2762 _d2762 |
||